Gujarāt and its literature, from early times to 1852, (Record no. 76074)

MARC details
000 -LEADER
fixed length control field 00798cam a22002411 4500
001 - CONTROL NUMBER
control field sa 67006615
003 - CONTROL NUMBER IDENTIFIER
control field DLC
005 - DATE AND TIME OF LATEST TRANSACTION
control field 20260227112409.0
008 - FIXED-LENGTH DATA ELEMENTS--GENERAL INFORMATION
fixed length control field 720531s1967 ii ab b 000 0 eng
010 ## - LIBRARY OF CONGRESS CONTROL NUMBER
LC control number sa 67006615
035 ## - SYSTEM CONTROL NUMBER
System control number (OCoLC)320831
040 ## - CATALOGING SOURCE
Original cataloging agency DLC
Transcribing agency OCU
Modifying agency OCoLC
-- DLC
042 ## - AUTHENTICATION CODE
Authentication code premarc
050 00 - LIBRARY OF CONGRESS CALL NUMBER
Classification number PK1850
Item number .M82 1967
082 ## - DEWEY DECIMAL CLASSIFICATION NUMBER
Classification number 891.4/7/09
100 1# - MAIN ENTRY--PERSONAL NAME
Personal name Munshi, Kanaiyalal Maneklal,
Dates associated with a name 1887-1971.
245 10 - TITLE STATEMENT
Title Gujarāt and its literature, from early times to 1852,
Statement of responsibility, etc. by Kanaiyalal M. Munshi. Foreword by Mahatma Gandhi.
250 ## - EDITION STATEMENT
Edition statement [3d ed.]
260 ## - PUBLICATION, DISTRIBUTION, ETC.
Place of publication, distribution, etc. Bombay,
Name of publisher, distributor, etc. Bharatiya Vidya Bhavan,
Date of publication, distribution, etc. 1967.
300 ## - PHYSICAL DESCRIPTION
Extent xxxiv, 292 p.
Other physical details illus., maps (2 fold., part col.)
Dimensions 23 cm.
504 ## - BIBLIOGRAPHY, ETC. NOTE
Bibliography, etc. note Bibliographical footnotes.
650 #0 - SUBJECT ADDED ENTRY--TOPICAL TERM
Topical term or geographic name entry element Gujarati literature
General subdivision History and criticism.

No items available.

Powered by Koha